Donne a Sud /

Gespeichert in:
Bibliographische Detailangaben
1. Verfasser: Moscardino, Paola (Verfasst von)
Weitere Verfasser: Cioce, Angela
Format: Buch
Sprache:Italienisch
Veröffentlicht: Bari : Palomar, [2006]
Schlagworte:
Tags: Tag hinzufügen
Keine Tags, Fügen Sie das erste Tag hinzu!

MARC

LEADER 00000nam a2200000 i 4500
001 IT\ICCU\UM1\0091374
003 ItRI
005 20260115231924.0
008 070312s2006 it |||||| ||||| |||||c
015 |2 IT  |a 2007-1073 
020 |a 8876001670 
040 |b ita  |c importazione bologna sebina 
041 7 |a ita  |2 ISO-639-2 
082 |a 920.72  |9 BIOGRAFIA, GENEALOGIA, INSEGNE. DONNE.  |2 22 
100 1 |a Moscardino, Paola  |0 IT\ICCU\UM1V\021510  |4 aut 
245 1 0 |a Donne a Sud /  |c Paola Moscardino ; fotografie di Angela Cioce. 
260 |a Bari :  |b Palomar,  |c [2006] 
300 |a 440 p. :  |b ill. ;  |c 24 cm. 
650 7 |a Donne  |x Puglia  |x Sec. 20.  |x Interviste  |2 scbi 
700 1 |a Cioce, Angela  |0 IT\ICCU\BVEV\048501 
942 |2 ddc  |c BK  |n 0 
952 |0 0  |1 0  |4 0  |6 DOC_920_720000000000000_MOS  |7 0  |9 16569  |a BO  |b BO  |d 2026-01-15  |i 12788  |l 0  |o DOC 920.720 MOS  |p BO12788  |r 2026-01-15 23:19:24  |w 2026-01-15  |x [Sebina 5] [1 v.]  |y BK  |z 1 v. 
999 |c 14183  |d 14183